Zvířata ze zahrady /
Uloženo v:
| Hlavní autor: | |
|---|---|
| Další autoři: | |
| Médium: | Kniha |
| Jazyk: | Czech |
| Vydáno: |
Praha :
Svojtka & Co.,
2026
|
| Vydání: | První české vydání |
| Edice: | Poznávej dotykem
|
| Témata: | |
| Celkem bylo vypůjčeno: | 0x |
| Tagy: |
Žádné tagy |
| LEADER | 02147nam a2200589 i 4500 | ||
|---|---|---|---|
| 001 | 106291 | ||
| 003 | CZ PrNK | ||
| 005 | 20260511112327.0 | ||
| 007 | ta | ||
| 008 | 260408s2026 xr a a f 000 0 cze | ||
| 015 | |a cnb003750182 | ||
| 020 | |a 9788025640456 |q (vázáno) | ||
| 040 | |a OLA001 |b cze |d BOA001 |e rda | ||
| 041 | 1 | |a cze |h fre | |
| 072 | 7 | |a 59 |x Zoologie |2 Konspekt |9 2 | |
| 072 | 7 | |a 0/9-053.2 |x Literatura pro děti a mládež (naučná) |2 Konspekt |9 26 | |
| 080 | |a 592/599 |2 MRF | ||
| 080 | |a 574.2(256/257) |2 MRF | ||
| 080 | |a (0.025.2) |2 MRF | ||
| 080 | |a (0.02)159.935 |2 MRF | ||
| 080 | |a (0.053.2) |2 MRF | ||
| 100 | 1 | |a Pinto, Deborah |7 jo20191056534 |4 ill |9 110838 | |
| 240 | 1 | 0 | |a Animaux du jardin. |l Česky |
| 245 | 1 | 0 | |a Zvířata ze zahrady / |c Deborah Pinto |
| 250 | |a První české vydání | ||
| 264 | 1 | |a Praha : |b Svojtka & Co., |c 2026 | |
| 300 | |a 16 nečíslovaných stran : |b barevné ilustrace ; |c 21 x 24 cm | ||
| 336 | |a text |b txt |2 rdacontent | ||
| 336 | |a statický obraz |b sti |2 rdacontent | ||
| 337 | |a bez média |b n |2 rdamedia | ||
| 338 | |a svazek |b nc |2 rdacarrier | ||
| 490 | 1 | |a Poznávej dotykem | |
| 500 | |a Z francouzštiny přeložil Josef Vyskočil | ||
| 500 | |a Kartonové listy s odklápěcími okénky a výřezy s hmatovými prvky | ||
| 650 | 0 | 7 | |a zvířata |7 ph116793 |2 czenas |9 115086 |
| 650 | 0 | 7 | |a zahradní biotopy |7 ph968097 |2 czenas |9 107588 |
| 650 | 0 | 9 | |a animals |2 eczenas |
| 650 | 0 | 9 | |a garden biotopes |2 eczenas |
| 655 | 7 | |a leporela |7 fd132727 |2 czenas |9 53691 | |
| 655 | 7 | |a taktilní knihy |7 fd1019934 |2 czenas | |
| 655 | 7 | |a publikace pro děti |7 fd133156 |2 czenas |9 23 | |
| 655 | 9 | |a folding picture-books |2 eczenas | |
| 655 | 9 | |a tactile books |2 eczenas | |
| 655 | 9 | |a children's literature |2 eczenas | |
| 700 | 1 | |a Vyskočil, Josef |7 ola2002106761 |4 trl |9 108163 | |
| 710 | 2 | |a Svojtka & Co. (nakladatelství) |7 ko20251261577 |4 pbl |9 117201 | |
| 765 | 1 | |t Mes docs à toucher | |
| 830 | 0 | |a Poznávej dotykem | |
| 910 | |a UOG502 | ||
| 942 | |2 ddc |c KN | ||
| 999 | |d 106291 | ||
| 993 | |0 0 |1 421180107016 |2 ddc |4 0 |7 0 |9 99659 |b 0 |c 107016 |d 2026-05-11 |e 0 |f M |h 379.00 |i Koupě |l M |r 2026-05-11 |t 7 |w 2026-05-11 |y KN |z LEPO |n | ||